| 000 | 00718nam a2200205 i 4500 | ||
|---|---|---|---|
| 001 | 17711 | ||
| 003 | ES-MaACL | ||
| 005 | 20230906151639.0 | ||
| 007 | t| | ||
| 008 | 010508s1973 sp ||||1| spa d | ||
| 020 | _a84-600-5634-1 | ||
| 080 | _a946.33 S. Vicente | ||
| 100 | 1 |
_aSainz Diaz, Valentín. _9101597 |
|
| 245 | 1 | 0 |
_aNotas históricas sobre la villa de San Vicente de la Barquera / _cValentín Sainz Diaz. |
| 260 |
_aSantander : _bInstitución Cultural de Cantabria, Centro de Estudios Montañeses, _c1973. |
||
| 300 |
_aXIV, 693 p. : _bil. ; _c25 cm. |
||
| 651 | 4 |
_aSan Vicente de la Barquera- _xHistoria. _99361 |
|
| 710 | 2 |
_aCentro de Estudios Montañeses. _92659 |
|
| 852 |
_aES-MaACL _jA-276 _bR.117101 |
||
| 999 |
_c17711 _d17711 |
||